000 00313nam a2200133Ia 4500
008 190216s9999||||xx |||||||||||||| ||und||
100 _aSatya Prakash
245 0 _aPhysics And Atomic Physics
250 _a8th Ed.
260 _bRatan Prakashan Mandir
_c1991
300 _a765
650 _aPhysics
942 _cBK
999 _c33272
_d33272